DATA SMART USING DATA SCIENCE TO TRANSFO (Record no. 23036)

MARC details
000 -LEADER
fixed length control field 00348nam a2200133Ia 4500
008 - FIXED-LENGTH DATA ELEMENTS--GENERAL INFORMATION
fixed length control field 240624s9999 xx 000 0 und d
041 ## - LANGUAGE CODE
Language code of text/sound track or separate title eng
082 ## - DEWEY DECIMAL CLASSIFICATION NUMBER
Classification number 658.4038011 FOR
100 ## - MAIN ENTRY--PERSONAL NAME
Personal name FOREMAN JOHN W
245 ## - TITLE STATEMENT
Title DATA SMART USING DATA SCIENCE TO TRANSFO
260 ## - PUBLICATION, DISTRIBUTION, ETC.
Date of publication, distribution, etc. 2014
Place of publication, distribution, etc. New Delhi
Name of publisher, distributor, etc. wiley
300 ## - PHYSICAL DESCRIPTION
Extent xx, : 409. : cm. ; 23
365 ## - TRADE PRICE
Currency code RS
Price amount 31
Holdings
Withdrawn status Lost status Damaged status Not for loan Home library Current library Shelving location Date acquired Source of acquisition Cost, normal purchase price Full call number Barcode Date last seen Copy number Price effective from Koha item type
        IMTN IMTN Rack 29-A 09/25/2014 IBH 699.00 658.4038011 FOR 23036 06/24/2024 1 06/24/2024 Books
Designed & Maintained by: LRC IMT Nagpur Contact: lrc@imtnag.ac.in© 2024. All Rights Reserved.